| 000 | 00673nam a22002052 4500 | ||
|---|---|---|---|
| 001 | 0000011709 | ||
| 005 | 20151217155846.0 | ||
| 008 | 090105s xx 000 0 eng d | ||
| 040 |
_aKABU _cKABU |
||
| 100 | 1 |
_aLyne, Robert Nunez. _@0000167689 |
|
| 245 | 1 | 3 |
_aAn Apostle of empire : _bbeing the life of Sir LLoyd William Mathews / _cRobert Nunez Lyne. |
| 250 | _a1st ed. | ||
| 260 |
_aLondon : _bAllen & Unwin, _c1936. |
||
| 300 | _a247 p. | ||
| 600 | 1 | 0 |
_aMathews, LLoyd Williams, Sir, _d1850-1901. _@0000167690 |
| 650 | 0 |
_aSlave trade _zAfrica, East. _@0000153099 |
|
| 852 | 1 | _9p500 KES | |
| 908 | _a090105 | ||
| 950 | _@1 | ||
| 999 |
_c13349 _d13349 |
||